000
00331nam a2200133Ia 4500
008
240624s9999 xx 000 0 und d
041
_a
eng
082
_a
658.15 KHA
100
_a
KHAN M Y
245
_a
FINANCIAL SERVICES
250
_a
(3rd ed.)
260
_c
2004
_a
New Delhi
_b
Tata McGrawhill
300
_a
xvi, : 780 : p. : cm. ; 21
999
_c
4976
_d
4976